• 首页
  • 本馆介绍
  • 公告通知
  • 最新文献
  • 馆藏检索
  • 电子资源
  • 读者导购
  • 参考咨询
  • 我的图书馆
  • 登录
  • 详细信息显示
  • 放入我的书架
  • 预约/预借图书
  • 作者相关作品
  • 分类相关作品
  • 丛书相关作品
  • 出版社相关作品

书目信息

  • 表格格式
  • 工作单格式
  • 卡片格式
题名:
疼痛与针刺镇痛
    
 
作者: 吕志刚 主编
分册:  
出版信息: 北京   化学工业出版社  2021
页数: 214页
开本: 25cm
丛书名:
单 册:
中图分类: R245.32
科图分类:
主题词: 疼痛--teng tong--针刺疗法
电子资源:
ISBN: 978-7-122-37931-3
000 01107nam0 2200241 450
001 2163567665
005 20211113173618.20
010    @a978-7-122-37931-3@dCNY59.00
100    @a20201210d2021 em y0chiy50 ea
101 0  @achi
102    @aCN@b110000
105    @aa a 000yy
200 1  @a疼痛与针刺镇痛@Ateng tong yu zhen ci zhen tong@d= Pain and acupuncture analgesia@f吕志刚主编@zeng
210    @a北京@c化学工业出版社@d2021
215    @a214页@c图@d25cm
320    @a有书目 (第206-214页)
330    @a本书主要介绍疼痛的解剖基础及传导通路,神经活性物质与疼痛,疼痛的病理生理,针刺镇痛的机制,头痛、牙痛、颞颌关节功能紊乱症、咽喉痛、落枕、急性胃炎、泌尿系结石、痛经、腰椎间盘突出症、类风湿关节炎、肩关节周同炎、急性腰扭伤、三叉神经痛、疱疹性疼痛及疱疹后遗神经痛、梨状肌综合征、肋间神经痛、臂丛神经痛、癌痛的针刺治疗,以及围手术期针刺镇痛;将针刺镇痛临床实践与针刺镇痛基础研究有机结合。
510 1  @aPain and acupuncture analgesia@zeng
606 0  @a疼痛@Ateng tong@x针刺疗法
690    @aR245.32@v5
701  0 @a吕志刚@Alv zhi gang@4主编
801  0 @aCN@bBP@c20201210
905    @aZUCC@dR245.32@e6
    
    疼痛与针刺镇痛= Pain and acupuncture analgesia/吕志刚主编.-北京:化学工业出版社,2021
    214页:图;25cm
    
    
    ISBN 978-7-122-37931-3:CNY59.00
    本书主要介绍疼痛的解剖基础及传导通路,神经活性物质与疼痛,疼痛的病理生理,针刺镇痛的机制,头痛、牙痛、颞颌关节功能紊乱症、咽喉痛、落枕、急性胃炎、泌尿系结石、痛经、腰椎间盘突出症、类风湿关节炎、肩关节周同炎、急性腰扭伤、三叉神经痛、疱疹性疼痛及疱疹后遗神经痛、梨状肌综合征、肋间神经痛、臂丛神经痛、癌痛的针刺治疗,以及围手术期针刺镇痛;将针刺镇痛临床实践与针刺镇痛基础研究有机结合。
●
相关链接 在五车中查询图书 在当当中查询图书 在豆瓣中查询图书


正题名:疼痛与针刺镇痛     索取号:R245.32/6         预约/预借

序号 登录号 条形码 馆藏地/架位号 状态 备注
1 2000884888   2000884888   第三书库/ [索取号:R245.32/6] 在馆    
2 2000884889   2000884889   第三书库/ [索取号:R245.32/6] 在馆    
3 2000884890   2000884890   第三书库/ [索取号:R245.32/6] 在馆    
山东省滨州职业学院图书馆 欢迎您!
大连网信软件有限公司© 版权所有